000 00406nam a2200181Ia 4500
001 14492
005 20260306164918.0
008 260306t2014||||xx |||||||||||||| ||spa||
041 _aESP
082 _a515.1
_bS75
100 _aSpivak, Michael
_eAUT
245 0 _aCalculus
260 _c2014
300 _axiv, 682 páginas :
_c24 cm.
650 _aGEN
654 _aCMA
942 _cLIB
_dJUS
_fJUS
_2ddc
_n
999 _c14492
_d14492